| 000 | 01927cam a22003498a 4500 | ||
|---|---|---|---|
| 001 | zaspen b689114 | ||
| 003 | CPomAG | ||
| 005 | 20240626172027.0 | ||
| 008 | 061107s2007 nyu 000 1 eng | ||
| 010 | _a2006037335 | ||
| 020 | _a1602850178 | ||
| 020 | _a9780399154072 | ||
| 020 | _a9781602850170 | ||
| 035 | _a52953 | ||
| 040 |
_alpl _cCoLam _ddr _dCoLam |
||
| 043 | _an-us-id | ||
| 050 | 0 | 0 |
_aPS3566.E234 _bK56 2007 |
| 082 | 0 | 0 |
_a813/.54 _222 |
| 100 | 1 | _aPearson, Ridley. | |
| 245 | 1 | 0 |
_aKiller weekend / _cRidley Pearson. |
| 260 |
_aNew York : _bG.P. Putnam's Sons, _cc2007. |
||
| 300 |
_a314 p. ; _b23 cm. |
||
| 490 |
_aWalt Fleming _vbook 1. |
||
| 520 | _aBestseller Pearson's workmanlike thriller, the first in a new series, has all the right ingredients: a down-to-earth hero, sheriff Walt Fleming; a neatly focused venue in the form of a weekend business conference at an Idaho resort; and a sense of impending danger in the form of a threat on the life of Elizabeth Shaler, the New York State attorney general, who's about to announce her candidacy for U.S. president. Shaler knows what it's like to be a victim. Eight years before the killer weekend of the title, she was attacked in her Sun Valley, Idaho, vacation home and saved by Fleming, then a patrolman. Fleming takes the present threat very seriously, but Shaler's handlers and the event's organizer, billionaire Patrick Cutter, won't cancel her speech. Fleming doggedly struggles to identify the assassin, who cleverly overcomes massive security to infiltrate the event, but the motive for the threat is never satisfactorily explained. | ||
| 650 | 0 |
_aSheriffs _vFiction. |
|
| 650 | 0 |
_aAssassins _vFiction. |
|
| 650 | 0 |
_aWomen presidential candidates _xAssassination attempts _vFiction. |
|
| 651 | 0 |
_aSun Valley (Idaho) _vFiction. |
|
| 655 | 7 |
_aSuspense fiction. _2gsafd. |
|
| 800 |
_aRidley Pearson _tWalt Fleming _v#1. |
||
| 942 | _cBK | ||
| 999 |
_c29894 _d29892 |
||